| 000 | 00498nam a22001817a 4500 | ||
|---|---|---|---|
| 003 | BD-DhJNU | ||
| 005 | 20250903053130.0 | ||
| 008 | 250903b |||||||| |||| 00| 0 eng d | ||
| 040 |
_aBD-DhJNU _bENG _cBD-DhJNU _dBD-DhJNU |
||
| 082 |
_223 _a330.9051 |
||
| 100 | _aGalbraith, J.K. | ||
| 245 |
_aThe affluent society / _cJ.K. Galbraith |
||
| 260 |
_aAustralia : _bPenguin Books, _c1967. |
||
| 300 |
_a298 p. : _c18 cm. |
||
| 504 | _aincludes index | ||
| 650 | _aAffluent Society | ||
| 942 |
_2ddc _cBK _n0 |
||
| 999 |
_c2071 _d2071 |
||